Los heroicos furores
Uloženo v:
| Hlavní autor: | |
|---|---|
| Médium: | Kniha |
| Jazyk: | španělština |
| Vydáno: |
Madrid
Tecnos
1987
|
| Edice: | Metrópolis
|
| Témata: | |
| Tagy: |
Přidat tag
Žádné tagy, Buďte první, kdo vytvoří štítek k tomuto záznamu!
|
MARC
| LEADER | 00000nam a2200000 a 4500 | ||
|---|---|---|---|
| 001 | UCW0348 | ||
| 003 | CL-VaPUC | ||
| 008 | 930803e19870000SP |||||||||||||||||spa|d | ||
| 082 | 0 | 4 | |a 170.202 |b BRU |2 21 |
| 100 | 0 | |a Bruno, Giordano |e author |9 304274 | |
| 245 | 1 | 4 | |a Los heroicos furores |
| 300 | |a 236 p | ||
| 942 | |c BK | ||
| 945 | |d 19930803 00:00:00 | ||
| 260 | |a Madrid |b Tecnos |c 1987 | ||
| 650 | 0 | |a Amor |9 257817 | |
| 650 | 0 | |a Filosofía italiana |9 265241 | |
| 650 | 7 | |a DIALOGOS ITALIANOS |2 CL-VaPUC |9 269481 | |
| 583 | |a last modification |c 19930803 00:00:00 |k Rodrigo Vera | ||
| 490 | 0 | |a Metrópolis | |
| 999 | |c 215548 |d 215546 | ||
| 952 | |0 0 |1 0 |4 0 |6 170_202000000000000_BRU_1987 |7 0 |8 A |9 199895 |a BIBART |b BIBART |d 2019-11-14 |i 3213307 |o 170.202 BRU 1987 |p 3213307 |r 2025-03-13 |w 2019-11-14 |y BK |k ART | ||